00341nam a2200133Ia 4500008004100000041000800041082001500049100001700064245003500081250001700116260003100133300001200164650003100176231207s9999 xx 000 0 und d aeng a338.05/PRA aPravin Kumar aFund. Of Engineering Economics a2012 1st Ed. bWiley India Ltd. New Delhi aPB/486/ aComnputer Program Language